[Event "4th CNE NED-ch Rapid"]
[Site "Amstelveen"]
[Date "2018.11.18"]
[Round "3"]
[White "Reinderman, Dimitri"]
[Black "Van Foreest, Jorden"]
[Result "1/2-1/2"]
[WhiteElo "2582"]
[BlackElo "2613"]
[Annotator "TA"]
[PlyCount "77"]
[EventDate "2018.11.18"]
[EventType "tourn"]
[EventCountry "NED"]
[SourceTitle "playchess.com"]
[Source "ChessBase"]
[SourceQuality "1"]

{[%evp 16,77,8,14,29,16,37,25,28,18,27,10,11,10,10,13,25,20,22,18,27,14,85,46,86,13,9,7,23,32,52,46,56,0,0,-18,-32,-14,81,8,229,235,227,214,305,73,77,21,15,4,0,0,0,4,10,27,175,0,0,0,210,0,0,0]} 1. Nf3 d5 2. e3 e6 3. c4 Nf6 4. b3 Be7 5. Bb2 c5 6. cxd5 exd5 7. Bb5+ Nc6 8. O-O {A13: English Opening: 1...e6} O-O 9. d4 {LiveBook: 9 Games} cxd4 (9... Bg4 10. dxc5 Ne4 11. Nbd2 Nxc5 12. Bxc6 bxc6 13. Qc2 Rc8 14. Ne5 Bd7 15. Rac1 Be8 {½-½ (38) Malakhov,V (2697)-Huzman,A (2577) St Petersburg 2016}) 10. Nxd4 {White has an edge.} Qb6 $146 {White must now prevent ...Nxd4.} ({Predecessor:} 10... Nxd4 11. Bxd4 Be6 12. Nd2 a6 13. Bd3 Rc8 14. Rc1 Qa5 15. a4 Bg4 {1-0 (54) Shobaita,A (2067)-Davy,D (2164) Tromsoe 2014}) 11. Bxc6 bxc6 12. Nc3 Bg4 13. Qc2 c5 14. Nf5 Bxf5 $1 15. Qxf5 Qe6 16. Qf3 Rfd8 17. Rfd1 Rab8 18. Ne2 {[%cal Bc3e2,Be2f4,Bf4d5][%mdl 32]} h6 (18... d4 $11 {keeps the balance.}) 19. Rac1 Qa6 20. Bxf6 ({White should play} 20. Be5 $16) 20... Bxf6 $11 21. Nf4 Qxa2 22. Nxd5 Bb2 23. Rxc5 Qxb3 24. Rc7 ({Better is} 24. g3 $14) 24... a5 25. Rxf7 Kh8 26. g4 $1 {[%cal Rg4g5] Strongly threatening g5.} Qc2 (26... a4 $11 27. g5 a3) 27. e4 (27. Rc7 $16 Qb3 28. Kg2) 27... Qb3 $2 (27... a4 $11 {and Black stays safe.}) 28. Rd3 $1 $18 {[%cal Rd3b3]} Qc4 29. Kg2 $1 Re8 (29... Qc8 {was called for.} 30. g5 Qe6) 30. Re3 $2 (30. g5 $1 $18 {and the rest is easy.}) 30... Bd4 $16 31. Re1 ({White should try} 31. Re2 $16) 31... Rb2 $11 32. Rf8+ Rxf8 33. Qxf8+ Kh7 34. Qf5+ Kh8 35. Rf1 Bc5 (35... a4 $11 {and Black is okay.}) 36. Qc8+ $2 (36. g5 $18 {Qc8+ would kill now.} hxg5 37. Qc8+ Kh7 38. Qh3+ Kg8 39. Qc8+ Kh7 40. Qh3+ Kg8 41. Qe6+ Kh8 42. Qe8+ Kh7 43. Qh5+ Kg8 44. Nf6+ $1 {[%mdl 512]} gxf6 45. Qg6+ {[%mdl 64] Double Attack} Kh8 46. Qxf6+ Kg8 47. Qxb2 Qxe4+ 48. f3) 36... Kh7 37. Qf5+ $2 (37. Qe6 $11 Qd4 38. Qf5+ Kg8 39. Qe6+ Kh7 40. Qf5+ Kg8 41. Nc7) 37... Kh8 $18 {[#]} 38. Qc8+ $2 (38. g5 $1 $18 {Intending Qc8+ and mate.} hxg5 39. Qc8+ Kh7 40. Qh3+ Kg8 41. Qe6+ Kh8 42. Qc8+ Kh7 43. Qh3+ Kg8 44. Qe6+ Kh8 45. Qe8+ Kh7 46. Qh5+ Kg8 {[#]} 47. Nf6+ $1 {[%mdl 512]} gxf6 48. Qg6+ {[%mdl 64] Double Attack} Kh8 49. Qxf6+ Kg8 50. Qg6+ (50. Qxb2 Qxe4+ 51. f3 Qe3 $18) 50... Kh8 51. Qf6+ {[%mdl 64] Double Attack} Kg8 52. Qxb2 Qxe4+ 53. f3) 38... Kh7 $11 39. Qf5+ {Accuracy: White = 44%, Black = 37%.} 1/2-1/2

[Event "4th CNE NED-ch Rapid"]
[Site "Amstelveen"]
[Date "2018.11.18"]
[Round "3"]
[White "Spoelman, Wouter"]
[Black "Van den Doel, Erik"]
[Result "0-1"]
[WhiteElo "2573"]
[BlackElo "2615"]
[Annotator "TA"]
[PlyCount "64"]
[EventDate "2018.11.18"]
[EventType "tourn"]
[EventCountry "NED"]
[SourceTitle "playchess.com"]
[Source "ChessBase"]
[SourceQuality "1"]

{[%evp 9,64,6,11,0,8,14,10,2,0,-47,-20,-54,-57,-54,-49,-56,-72,-143,-102,-218,-218,-232,-217,-225,-232,-225,-237,-236,-252,-270,-294,-347,-356,-327,-169,-166,-173,-160,-131,-233,-226,-216,-196,-237,-225,-256,-267,-477,-462,-811,-789,-29966,-29967,-29981,-29981,-29980,-29970]} 1. c4 c6 2. Nf3 d5 3. e3 Nf6 4. b3 Bf5 5. Bb2 e6 {LiveBook: 152 Games} 6. Nc3 {A12: English Opening: 1...c6 with b3 by White} Nbd7 7. Nh4 Bg4 {[%cal Bf5g4,Bg4h5,Bh5g6,Bg6h7][%mdl 32]} 8. Qc2 {The position is equal.} e5 9. cxd5 $146 ({Predecessor:} 9. h3 Be6 10. Nf3 Bb4 11. a3 Bd6 12. d3 {½-½ (59) Bukavshin,I (2604)-Grigoryan,K (2595) Katowice 2014}) 9... cxd5 10. Nf5 {Threatens to win with Nb5.} Rc8 $36 {[%mdl 2048] ...g6 is the strong threat. Black has good play.} 11. h3 Bh5 12. g4 Bg6 $1 13. Bg2 (13. Qd1 $142) 13... h5 $17 14. g5 (14. Qd1 $17) 14... Ne4 $1 $19 15. Nh4 Bh7 16. g6 Qxh4 17. Bxe4 dxe4 18. gxh7 Nc5 ({Stronger than} 18... Rxh7 19. Qxe4 Qxe4 20. Nxe4 $11) 19. Ke2 Nd3 ({Don't do} 19... Rxh7 20. Na4 $19) 20. Raf1 Rxh7 21. f3 Bb4 (21... exf3+ $142 22. Rxf3 e4) 22. fxe4 Nxb2 23. Qxb2 Bxc3 $1 24. Qc2 {[#]} (24. dxc3 $17 {was the only defense.} Rh6 25. Rhg1) 24... Rh6 $1 {[%cal Rh6c6]} 25. dxc3 Rg6 {( -> ...Rg2+)} 26. Kd1 Rgc6 27. c4 {[#]} b5 $1 {[%mdl 512]} 28. Qf2 $2 (28. Rf5 {was worth a try.} bxc4 29. b4) (28. cxb5 Rxc2) 28... Qe7 29. Ke2 (29. Rhg1 $142 g6 30. Qg3) 29... bxc4 30. bxc4 Rxc4 {Black mates.} 31. Kf3 Qf6+ 32. Kg3 h4+ {Accuracy: White = 30%, Black = 74%.} 0-1

[Event "4th CNE NED-ch Rapid"]
[Site "Amstelveen"]
[Date "2018.11.18"]
[Round "4"]
[White "Van den Doel, Erik"]
[Black "Sokolov, Ivan"]
[Result "0-1"]
[WhiteElo "2615"]
[BlackElo "2588"]
[Annotator "TA"]
[PlyCount "78"]
[EventDate "2018.11.18"]
[EventType "tourn"]
[EventCountry "NED"]
[SourceTitle "playchess.com"]
[Source "ChessBase"]
[SourceQuality "1"]

{[%evp 9,78,14,22,6,4,0,22,16,32,10,12,5,4,4,15,7,8,-14,-14,-14,-5,-21,-20,-27,-16,0,-12,-16,0,-29,93,63,165,157,217,177,278,255,338,328,300,-201,-189,-187,-93,-99,-91,-98,-80,-72,-66,-76,-56,-111,-97,-143,-141,-143,-96,-99,-106,-252,-246,-541,-538,-631,-631,-687,-619,-682,-674]} 1. d4 Nf6 2. Nf3 b6 3. Bg5 Bb7 4. Nbd2 c5 5. c3 g6 {LiveBook: 4 Games} (5... e6 6. e4 cxd4 7. cxd4 h6 8. Bxf6 Qxf6 9. Bd3 Nc6 10. e5 Qd8 11. a3 Ne7 12. O-O Nd5 13. Re1 {0-1 (26) Laxman,R (2455)-Pantsulaia,L (2614) New Delhi 2014}) 6. Bxf6 {A46: 1 d4 Nf6 2 Nf3 e6: Torre, London and Colle Systems} exf6 7. dxc5 bxc5 8. e4 {The position is equal.} Bh6 9. Bc4 $146 {Black should prevent Qb3.} ({Predecessor:} 9. Nc4 O-O 10. Nd6 Qb6 11. Bc4 Qxb2 12. O-O Qxc3 13. Qe2 {0-1 (37) Lipman,V (2285)-Cherniak,L Moscow 1989}) 9... O-O 10. O-O Nc6 11. Bd5 Rb8 12. Re1 Ba6 13. Qc2 Ne7 14. Bc4 Bb7 15. Rad1 Qc7 16. Qd3 Rbd8 17. Bd5 Nxd5 18. exd5 d6 19. b4 Rc8 (19... cxb4 $11 20. cxb4 Rfe8) 20. bxc5 $16 Qxc5 (20... dxc5 $14 21. d6 Qc6) 21. Ne4 $18 {[%mdl 64] [#] Double Attack} Qa3 (21... Qc7 $16 {is a better defense.}) 22. Nxf6+ Kh8 (22... Kg7 $142 23. Qd4 Qxc3) 23. Re7 Ba6 24. Qd4 ({Not} 24. Rxa7 Bxd3 25. Rxa3 Be2 $16) 24... Qxc3 25. Nd7+ $4 {[%mdl 8192]} (25. Qh4 $18 {was the only winning move.} Kg7 26. Ng4 (26. Rxa7 $2 Be2 $19)) 25... Qxd4 $19 26. Nxd4 {[#]} Bg5 (26... Rc7 $1 $19 {is more deadly. aiming for ...Bc8.} 27. Nc6 Bg5 28. Nxf8 Bxe7) 27. Ree1 $17 Rfd8 28. Nf3 Bh6 29. Nf6 Bg7 $36 {[%mdl 2048] White is under pressure.} 30. Ne4 h6 31. Re3 (31. Nd4 $15) 31... Rc2 32. Ra3 Be2 33. Re1 a6 34. h4 Bc4 35. Nfd2 (35. Ra4 $17) 35... Bxd5 $19 {Hoping for ...f5.} 36. Rxa6 $2 (36. Rd1 {keeps fighting.}) 36... f5 {Black is clearly winning.} 37. Nxd6 Rxd2 38. Re7 Bf6 39. Nf7+ Kg7 {Accuracy: White = 40%, Black = 50%.} 0-1

[Event "4th CNE NED-ch Rapid"]
[Site "Amstelveen"]
[Date "2018.11.18"]
[Round "4"]
[White "Van Foreest, Jorden"]
[Black "Timman, Jan H"]
[Result "1/2-1/2"]
[WhiteElo "2613"]
[BlackElo "2541"]
[Annotator "TA RC"]
[PlyCount "176"]
[EventDate "2018.11.18"]
[EventType "tourn"]
[EventCountry "NED"]
[SourceTitle "playchess.com"]
[Source "ChessBase"]
[SourceQuality "1"]

{[%evp 14,176,0,0,2,-8,-10,-6,-18,-17,-20,-52,-42,-40,-36,-47,-18,-26,-17,-47,-8,-8,-11,-10,-11,-15,-10,-29,0,-2,-10,-31,-28,-16,-11,-41,0,0,0,-15,-17,-24,-19,-19,-12,-20,0,0,0,0,0,0,0,-14,0,-34,0,-5,0,0,0,0,0,0,0,0,0,0,0,0,0,0,0,0,0,0,8,0,0,0,0,0,0,0,8,8,9,8,407,409,408,402,397,347,195,67,67,66,66,0,0,0,66,0,0,0,0,0,0,0,0,0,0,0,0,0,0,0,0,0,0,0,0,0,0,0,0,0,0,0,0,0,0,0,0,0,0,0,0,0,0,0,0,0,0,0,0,0,0,0,0,0,0,0,0,0,0,0,0,0,0,0,0,0,0]} 1. e4 e6 2. d4 d5 3. Bd3 dxe4 4. Bxe4 Nf6 5. Bf3 Nbd7 6. Ne2 {C01: French: Exchange Variation} (6. Nc3 Rb8 7. Nge2 Be7 8. O-O O-O 9. Bf4 Bd6 10. Re1 b5 11. a3 Bb7 12. Bxb7 Rxb7 13. Qd3 Bxf4 14. Nxf4 {0-1 (42) Fedorchuk,S (2648)-Duda,J (2717) Katowice 2017}) 6... Bd6 7. O-O O-O 8. Nbc3 {LiveBook: 7 Games} c6 9. Bg5 Qc7 10. Ng3 $146 ({Predecessor:} 10. g3 h6 11. Be3 a6 12. Qd2 Rd8 13. Rad1 b5 {½-½ (40) Volotovsky,K (2159)-Volovich,V (2244) Voronezh 2018}) 10... h6 11. Be3 Nb6 {[%cal Bd7b6,Bb6c4,Bc4e3][%mdl 32]} 12. Qd2 Nc4 13. Qe2 Nxe3 14. Qxe3 Bf4 15. Qd3 e5 16. Nce2 exd4 {Black wants to play ...Be5.} 17. Nxf4 Qxf4 18. Ne2 {[%cal Bg3e2,Be2d4,Bd4b3][%mdl 32]} Qe5 19. Nxd4 c5 20. Nb3 Bf5 21. Qc4 Qxb2 22. Rfc1 Be6 23. Qxc5 Rfc8 24. Qe7 Bxb3 25. axb3 Rxc2 26. Rcb1 Qd4 27. Qxb7 Qxf2+ 28. Kh1 Rac8 29. Rf1 $1 {[%cal Rf1f2]} Qb6 (29... Qc5 {looks sharper.} 30. Qxa7 Qb5 31. Rab1 Qb4 32. Qa4 Rb8) 30. Rxa7 Qe6 31. Raa1 R2c7 32. Qb5 Rc5 33. Qb4 Rc3 34. Rab1 Nd5 35. Qb7 Ne3 36. Rfe1 Qf5 37. b4 Ng4 38. Bxg4 Qxg4 39. b5 R3c7 40. Qa6 Rc2 {[%csl Gc2][%cal Rg4g2]} 41. Rg1 Qe4 42. b6 Rd8 {( -> ...Rxg2!)} 43. Qb5 Qb7 44. Rb2 Rc6 45. h3 Rcd6 46. Qb4 Rd4 47. Qc5 Rd3 {[%cal Rd3h3]} 48. Kh2 Rc8 49. Qe5 Rd5 50. Qf4 {Threatening Ra1.} (50. Qe3 {is interesting.} Rd6 51. Rgb1 Re6 52. Qf2 Rg6 53. Qf3) 50... Qb8 $2 {[%mdl 8192]} (50... Rc6 $11) 51. Qxb8 $18 Rxb8 {[%mdl 4096] Endgame [#] KRR-KRR} 52. Rc1 $1 Kf8 53. Rc7 Re5 {[#]} 54. b7 (54. Kg3 $1 $18) 54... Re7 $1 $14 {[%cal Re7c7]} 55. Rc8+ {[%mdl 64] Double Attack} Re8 56. Rc7 (56. Rc4 $14) 56... Re7 $1 $11 {[%cal Re7c7]} 57. Rc8+ (57. Rxe7 $11 Kxe7 58. Kg3) 57... Re8 $14 58. Rxb8 ({Better is} 58. Rc3 $14) 58... Rxb8 {KR-KR. The position is equal.} 59. Kg3 Ke7 60. Kf4 {Black must now prevent Ke5.} Kd7 61. Ke5 Kc7 62. Rc2+ Kd7 ({Don't blunder} 62... Kxb7 $2 63. Rb2+ Kc7 64. Rxb8 $18) 63. Rb2 Kc7 64. Rf2 Re8+ 65. Kd5 f6 66. Rb2 Re5+ 67. Kd4 Kb8 68. Kc4 h5 69. Kd3 Re7 70. Kc4 Re5 ({Much worse is} 70... Rxb7 $6 71. Rxb7+ Kxb7 72. Kd5 $16) 71. Kd4 Rg5 72. Ke4 Re5+ 73. Kd4 Rg5 74. Ke3 Re5+ 75. Kf3 Rf5+ 76. Kg3 g5 77. h4 Rf4 78. hxg5 fxg5 79. Rb5 Rg4+ 80. Kf3 Rf4+ 81. Ke3 Rg4 82. Kf2 Rf4+ 83. Kg1 Rg4 84. Rb3 Rf4 85. Rb6 h4 86. Kh2 g4 87. Rh6 h3 88. gxh3 gxh3 {Accuracy: White = 64%, Black = 72%.} 1/2-1/2

[Event "4th CNE NED-ch Rapid"]
[Site "Amstelveen"]
[Date "2018.11.18"]
[Round "4"]
[White "Reinderman, Dimitri"]
[Black "Van Wely, Loek"]
[Result "1/2-1/2"]
[WhiteElo "2582"]
[BlackElo "2622"]
[Annotator "TA"]
[PlyCount "82"]
[EventDate "2018.11.18"]
[EventType "tourn"]
[EventCountry "NED"]
[SourceTitle "playchess.com"]
[Source "ChessBase"]
[SourceQuality "1"]

{[%evp 9,82,7,13,13,19,19,28,27,31,35,70,32,35,18,32,29,40,34,25,25,31,34,63,56,41,35,54,43,53,48,62,50,108,100,106,96,114,78,85,45,55,17,16,15,15,9,13,10,15,0,10,2,19,23,35,1,16,18,10,0,0,0,0,0,8,0,10,8,30,14,25,0,0,0,0]} 1. Nf3 Nf6 2. c4 c6 3. Nc3 d5 4. e3 a6 5. b3 Bg4 6. h3 {A11: English Opening: 1...c6} Bxf3 7. Qxf3 e5 8. Bb2 {White has an edge.} Bb4 9. a3 Ba5 10. g3 $146 ({Predecessor:} 10. b4 Bc7 11. d3 O-O 12. g4 d4 13. exd4 exd4 {0-1 (45) Socko,B (2564)-Volkov,S (2609) Batumi 2002}) 10... O-O 11. b4 Bc7 12. cxd5 cxd5 13. Bg2 {[%cal Rc3d5]} e4 14. Qd1 Nc6 15. d3 $36 {[%cal Rd3e4][%mdl 2048] White fights for an advantage.} exd3 16. Qxd3 {[%cal Rc3d5]} Ne5 17. Qd4 {[%cal Rc3d5]} Nc4 {aiming for ...Be5.} 18. Nxd5 Nxb2 19. Nxc7 {[%mdl 64] [#] Discovered Attack} Qxd4 20. exd4 Rad8 (20... Rac8 $14 21. Nd5 Rfe8+ 22. Kf1 Ne4) 21. O-O $16 ({But not} 21. Bxb7 $6 Rd7 $15) 21... Rd7 22. Rac1 Rb8 23. b5 a5 24. b6 Na4 25. Nb5 Nxb6 26. Rc5 Nbd5 27. Rb1 b6 28. Rc6 Ne7 29. Rc4 Nfd5 30. Kf1 g6 31. Ke2 Rbd8 32. Kd3 Nf5 33. Be4 Nde7 34. Rbc1 (34. g4 {looks sharper.} Ng7 35. Nc7 Rd6 36. Rb5 h5 37. Bg2) 34... Nd6 35. Nxd6 Rxd6 36. Rb1 Kg7 37. Rb5 f5 38. Bf3 g5 39. Kc3 R8d7 40. Re5 Kf6 41. Rb5 h6 {Accuracy: White = 49%, Black = 55%.} 1/2-1/2

[Event "4th CNE NED-ch Rapid"]
[Site "Amstelveen"]
[Date "2018.11.18"]
[Round "4"]
[White "Ernst, Sipke"]
[Black "Spoelman, Wouter"]
[Result "1-0"]
[WhiteElo "2535"]
[BlackElo "2573"]
[Annotator "TA"]
[PlyCount "79"]
[EventDate "2018.11.18"]
[EventType "tourn"]
[EventCountry "NED"]
[SourceTitle "playchess.com"]
[Source "ChessBase"]
[SourceQuality "1"]

{[%evp 13,79,0,20,-35,-17,-17,-23,-14,-2,-15,-19,-8,0,-52,-41,-55,-69,-43,-34,-118,-102,-114,-66,-63,-64,-64,-62,-64,-64,-64,-66,-81,-20,-29,-37,-149,-65,-62,-24,-97,23,-266,-262,-276,-275,-261,-263,-258,-9,-10,-10,-11,0,0,8,8,287,179,697,640,592,429,1271,1266,1242,1086,5606,5518]} 1. Nf3 d5 2. c4 c6 3. g3 Nf6 4. Bg2 dxc4 5. O-O Nbd7 6. Qc2 Nb6 7. Na3 g6 {LiveBook: 54 Games. A11: English Opening: 1...c6} 8. b3 $146 (8. Nxc4 $11 Nxc4 9. Qxc4) ({Predecessor:} 8. Nxc4 Nxc4 9. Qxc4 Bg7 10. Re1 O-O 11. d4 Ne4 12. Bf4 Be6 13. Qc2 f5 14. e3 Bd5 15. Ne5 {½-½ (50) Nepomniachtchi,I (2768)-Kobalia,M (2619) Satka 2018}) 8... cxb3 9. axb3 Bg7 {The position is equal.} 10. Bb2 O-O 11. Nc4 Nbd5 12. d3 a5 13. Bd4 (13. Qd2 $11) 13... b6 $15 14. Qb2 c5 15. Be5 Bb7 16. Rac1 (16. d4 $15) 16... b5 17. Na3 Qb6 18. d4 $1 {[%cal Rd4c5]} cxd4 19. Bxd4 Qa6 20. Rc5 b4 $1 {[%cal Rb4a3]} 21. Nc4 a4 22. bxa4 Rfc8 (22... Nc3 $1 $17 {[%cal Rc3a4]} 23. Bxc3 bxc3) 23. Rxc8+ Rxc8 24. Ncd2 (24. Nfd2 $15) 24... Qxa4 ({Better is} 24... Nc3 $1 $17 {[%cal Rc3e2]} 25. Bxf6 Bxf6 26. Qxb4 Nxe2+ 27. Kh1 Nc3) 25. Ra1 Qb5 {...Nc3 is the strong threat.} 26. Ra7 {[#]} (26. e3 $1 $11 {keeps the balance.}) 26... Ne8 (26... Ra8 $1 $17 {[%cal Ra8a7] Threatens to win with ...Rxa7.} 27. Rxa8+ Bxa8) 27. Nb3 $2 {[%mdl 8192]} (27. e4 $11 {and White stays safe.} Nc3 28. Bf1) 27... Nc3 $19 28. Bxg7 {And now Nfd4 would win.} Nxe2+ ({Not} 28... Nxg7 $2 29. Nfd4 $18) 29. Kh1 {With the idea Bh6.} Bxf3 ({Don't play} 29... Nxg7 30. Rxb7 Nxg3+ 31. hxg3 $17) 30. Bxf3 {[#]} Nc3 $2 (30... Nd4 $1 $19 {[%cal Rb5f1]} 31. Bg2 Qd3) 31. Kg2 $1 $11 {Black must now prevent Bh6.} Nxg7 32. Rxe7 Rb8 33. Nd4 Qc5 34. Nc6 Rb6 $2 {[%mdl 8192]} (34... Qd6 $11 {and Black has nothing to worry.}) 35. Rc7 $40 {[%mdl 128] White has strong attack.} Qf8 $2 {[#]} (35... Nf5) 36. Rc8 $1 {[%mdl 512] Intending Ne7+ and mate.White is clearly winning.} Ne8 (36... Qxc8 37. Ne7+) 37. Qd2 b3 (37... Nb5 $142 38. Qe3 {[%mdl 64] Double Attack} Nbd6 39. Rxe8 (39. Qxb6 Nxc8 40. Qa6 Ncd6 $11) 39... Nxe8) 38. Qxc3 $18 {aiming for Qe5.} b2 39. Be4 Rxc6 40. Qxc6 {Accuracy: White = 30%, Black = 35%.} 1-0

[Event "4th CNE NED-ch Rapid"]
[Site "Amstelveen"]
[Date "2018.11.18"]
[Round "5"]
[White "Van Wely, Loek"]
[Black "Van Foreest, Jorden"]
[Result "0-1"]
[WhiteElo "2622"]
[BlackElo "2613"]
[Annotator "TA"]
[PlyCount "48"]
[EventDate "2018.11.18"]
[EventType "tourn"]
[EventCountry "NED"]
[SourceTitle "playchess.com"]
[Source "ChessBase"]
[SourceQuality "1"]

{[%evp 13,48,-37,-45,-41,-52,-52,-48,-51,-41,-32,-34,-33,-32,-46,-27,-201,-215,-189,-128,-255,-203,-256,-263,-262,-254,-253,-255,-304,-258,-589,-584,-543,-559,-29986,-1222,-29986,-29986]} 1. d4 Nf6 2. c4 e6 3. Nf3 d5 4. Nc3 dxc4 5. Bg5 a6 6. a4 Nc6 {D24: Queen's Gambit Accepted: 3 Nf3 Nf6 4 Nc3} 7. e4 {[%cal Be2e4,Be4e5][%mdl 32]} Na5 $1 {LiveBook: 4 Games} 8. e5 h6 {Black is slightly better.} 9. Bh4 {[%mdl 64] Pin} g5 10. Nxg5 hxg5 11. Bxg5 {[%mdl 64] Pin} Be7 $1 {Strongly threatening ...Nd5.} 12. exf6 Bxf6 13. Bxf6 Qxf6 {[#]} 14. g3 $146 (14. Qe2 $1 $11 {and White stays safe.}) ({Predecessor:} 14. Ne4) 14... Bd7 $19 15. Bg2 O-O-O (15... Bc6 $19 16. d5 O-O-O) 16. Ne4 (16. Qf3 $17 {was worth a try.} Qg7 17. O-O) 16... Qg7 {...Bc6 is the strong threat.} 17. O-O {[#]} Bc6 $1 18. Qe1 Nb3 {[%mdl 64] Double Attack} (18... Rxd4 19. Qxa5 Bxe4 20. f3 $19) (18... Qxd4 19. Rd1 $17) 19. Rd1 Nxd4 {Hoping for ...f5.} 20. Qe3 f5 $40 {[%cal Bf7f5,Bf5f4][%mdl 160] Black goes for the king.} ({Much less strong is} 20... Bxa4 21. Rd2 $19) ({Less strong is} 20... Qh7 21. h4 $17) 21. Nc3 $2 (21. Ng5 f4 22. gxf4) 21... Bxg2 ({Weaker is} 21... Qh7 22. h4 $17) 22. Kxg2 Qg4 {( -> ...Qh3+)} 23. Rh1 Qh3+ 24. Kg1 {[#]} f4 $1 {[%mdl 512] Accuracy: White = 40%, Black = 73%.} 0-1

[Event "4th CNE NED-ch Rapid"]
[Site "Amstelveen"]
[Date "2018.11.18"]
[Round "5"]
[White "Spoelman, Wouter"]
[Black "Reinderman, Dimitri"]
[Result "1-0"]
[WhiteElo "2573"]
[BlackElo "2582"]
[Annotator "TA"]
[PlyCount "79"]
[EventDate "2018.11.18"]
[EventType "tourn"]
[EventCountry "NED"]
[SourceTitle "playchess.com"]
[Source "ChessBase"]
[SourceQuality "1"]

{[%evp 25,79,22,19,19,18,21,33,26,23,22,20,11,20,10,18,10,54,31,93,20,26,15,10,12,14,22,22,11,37,30,84,0,0,-159,-161,-163,319,309,371,370,506,511,388,16,319,261,577,415,5905,729,29971,29971,29991,29992,29993,29992]} 1. c4 f5 2. Nc3 Nf6 3. g3 g6 4. Bg2 Bg7 5. Nf3 O-O 6. O-O d6 7. Rb1 a5 8. a3 Nc6 9. d3 Nh5 10. Bd2 f4 {A16: English Opening: 1...Nf6 with ...d5} 11. b4 axb4 12. axb4 Bg4 13. Nd5 e5 {LiveBook: 7 Games} (13... fxg3 14. hxg3 Qd7 15. b5 Nd4 16. Nxd4 Bxd4 17. Be3 Bg7 18. Qd2 {1-0 (71) Bezold,M (2547)-Kindermann,S (2528) Munich 2016}) 14. b5 Ne7 15. Ng5 Kh8 {[#] Threatens to win with ...Nxd5.} 16. Nxe7 Qxe7 17. Ne4 Qd7 18. Bc3 Ra2 $146 19. Rb2 Rxb2 20. Bxb2 Ra8 21. Qc2 c6 (21... h6 $14) 22. bxc6 (22. c5 $16) 22... bxc6 $11 23. Ra1 Rxa1+ 24. Bxa1 d5 25. cxd5 cxd5 26. Nc5 $36 {[%mdl 2048] White fights for an advantage.} Qc6 (26... Qd6 {is interesting.} 27. Bb2 h6 28. Ba3 Kh7 29. h3 Bc8) 27. Bb2 h6 (27... Qd6 $11 {keeps the balance.}) 28. h3 (28. f3 $16 Be6 29. g4) 28... Bxe2 29. g4 $2 (29. Bxe5 $11 f3 30. Bxg7+ Nxg7 31. d4) 29... f3 $17 {[#] And now ...Nf4 would win.} 30. gxh5 {[%cal Bg4h5,Bh5g6][%mdl 32]} fxg2 $4 {[%mdl 8192]} (30... gxh5 $19 {( -> ...Qg6)} 31. Bh1 Qc8) 31. Qxe2 $18 Qxc5 32. hxg6 Qc6 33. Qg4 e4 34. d4 $2 (34. Qf5 $18 {[%cal Rf5f8]} Qe8 35. Qh5) 34... Bf6 $2 {[%mdl 8192]} (34... e3 $1 $11) 35. h4 {[%cal Bh3h4,Bh4h5][%mdl 32]} ({Less strong is} 35. Kxg2 Kg7 $16) 35... Be7 $2 (35... e3) 36. h5 {Black must now prevent Qf4.} Qa4 (36... Qf6 $142 37. Kxg2 (37. Qxg2 Qf5 $11) 37... Qh4) 37. Kxg2 (37. g7+ $142 Kg8 38. Qe6+ {[%mdl 64] Double Attack} Kxg7 39. Qxe7+ Kg8 40. Qe6+ {[%mdl 64] Double Attack} Kh8 41. Qxh6+ Kg8 42. Qg5+ Kh8 43. Qh6+ Kg8 44. Qg5+ Kh8 45. Qh6+) 37... Qb3 38. Bc1 {White mates.} Kg7 39. Be3 Qb5 40. Qf4 {Accuracy: White = 45%, Black = 22%.} 1-0